Nákladní přeprava II : učební text pro 2. ročník učebního oboru 04-86-2 železničář /

Hlavní autor: Veselý, Josef
Jazyk: Čeština
Vydáno: Praha : Nakl. dopr. a spojů, 1985
Vydání: 1. vyd.
Témata:
Fyzický popis: 120 s.
Knihy
Uloženo v:
LEADER 00924nam a22002412a 4500
001 000483900
003 CZ BrMZK
005 20080905103814.0
007 ta
008 000307s1985 xr cze d
040 |a BOA001  |b cze  |c BOA002 
080 9 |a 656.223.2(075.3) 
080 9 |a 377.35 
100 1 |a Veselý, Josef  |7 jk01142186  |4 aut 
245 1 0 |a Nákladní přeprava II :  |b učební text pro 2. ročník učebního oboru 04-86-2 železničář /  |c Josef Veselý, Eva Beladová 
250 |a 1. vyd. 
260 |a Praha :  |b Nakl. dopr. a spojů,  |c 1985 
300 |a 120 s. 
910 |a BOA001  |b PK-N-0025.318  |b 4-0883.230,2 
964 |a Nákladní železniční doprava - učebnice - učňovské školy 
990 |a BK 
996 7 |b 3119836831  |c PK-N-0025.318  |l MZK  |r Sklad / do 1 hodiny  |n 1  |w 000483900  |u 000010  |a 1  |e BOA001  |j MZK50  |s A 
996 6 |b BC-601574  |c 4-0883.230,2  |l MZK  |r Sklad / do 1 hodiny  |n 0  |w 000483900  |u 000020  |a 1  |e BOA001  |j MZK50  |s P